[Event "DVM U20 2013"]
[Site "Osnabrück GER"]
[Date "2013.12.30"]
[Round "7"]
[White "Bräuer, Franz"]
[Black "Zimmermann, Ulrich"]
[Result "1/2-1/2"]
[Termination "normal"]
[Board "1.1"]
[WhiteElo "2295"]
[BlackElo "2267"]
[WhiteTeam "Erfurter Schachklub"]
[BlackTeam "SK Bebenhausen 1992"]
[WhiteFideId "24634468"]
[BlackFideId "24654523"]
[EventCountry "GER"]
[EventRounds "7"]
[EventType "team-swiss"]
[EventDate "2013.12.26"]

1. e4 e5 2. Nf3 Nc6 3. d4 exd4 4. Nxd4 Bc5 5. Be3 Qf6 6. c3 Nge7 7. Bc4 Qg6 8.
O-O O-O 9. Bb3 Bxd4 10. cxd4 d5 11. exd5 Nb4 12. Nc3 Bg4 13. f3 Bf5 14. Qd2 Bc2
15. Bg5 Nf5 16. Bc4 Nd6 17. Be2 Bd3 18. Bxd3 Nxd3 19. b3 Rfe8 20. a3 Qf5 21.
Rad1 Nb2 22. Rde1 Nd3 23. Re4 h6 24. Be3 Nxe4 25. fxe4 Qd7 26. Qxd3 c6 27. dxc6
bxc6 28. d5 Rad8 29. Bc5 cxd5 30. exd5 Re5 31. b4 Rg5 32. Qf3 Re8 33. Ne4 Rxd5
34. Nd6 Ree5 35. Qg3 Rg5 36. Qf4 f6 37. Re1 Rg4 38. Qf3 Rd2 39. g3 Rg5 40. Qa8+
Kh7 41. Qe4+ f5 42. Qf4 Ra2 43. Rf1 Rxa3 44. Nxf5 Qd5 45. h4 Rg6 46. Bd4 Ra2
47. Qf3 Qxf3 48. Rxf3 Rg4 49. Bc3 Rc4 50. Nd6 Rc7 51. Ne4 Kg8 52. Rf2 Ra3 53.
Bd2 Rc4 54. Re2 Ra2 55. Kf2 Rxe4 56. Rxe4 1/2-1/2

[Event "DVM U20 2013"]
[Site "Osnabrück GER"]
[Date "2013.12.30"]
[Round "7"]
[White "Braun, Georg"]
[Black "Steinacker, Alex"]
[Result "1/2-1/2"]
[Termination "normal"]
[Board "1.2"]
[WhiteElo "2197"]
[BlackElo "2095"]
[WhiteTeam "SK Bebenhausen 1992"]
[BlackTeam "Erfurter Schachklub"]
[WhiteFideId "24629383"]
[BlackFideId "24647195"]
[EventCountry "GER"]
[EventRounds "7"]
[EventType "team-swiss"]
[EventDate "2013.12.26"]

1. e4 c5 2. Nf3 Nc6 3. d4 cxd4 4. Nxd4 g6 5. Nc3 Bg7 6. Be3 Nf6 7. Bc4 Qa5 8.
O-O O-O 9. Nb3 Qc7 10. Bg5 a6 11. Be2 Re8 12. f4 d6 13. Bxf6 exf6 14. f5 b5 15.
Kh1 Bb7 16. a4 b4 17. Nd5 Qd8 18. Bd3 a5 19. Qd2 Re5 20. Rae1 Kh8 21. c4 bxc3
22. Nxc3 Nb4 23. Bb1 Qe7 24. Nd4 Rd8 25. Rd1 Qf8 26. Nb3 Bh6 27. Qf2 gxf5 28.
exf5 Be3 29. Qh4 Qg7 30. Be4 Bc8 31. Qh3 Bh6 32. Nd4 Rde8 33. Bf3 Be3 34. Ncb5
Bxd4 35. Nxd4 Nc2 36. Nxc2 Bxf5 37. Qh4 Bxc2 38. Rxd6 Qg5 39. Qxg5 fxg5 40. Rd4
Kg7 1/2-1/2

[Event "DVM U20 2013"]
[Site "Osnabrück GER"]
[Date "2013.12.30"]
[Round "7"]
[White "Friedt, Marius"]
[Black "Gibicar, Danijel"]
[Result "0-1"]
[Termination "normal"]
[Board "1.3"]
[WhiteElo "1920"]
[BlackElo "2145"]
[WhiteTeam "Erfurter Schachklub"]
[BlackTeam "SK Bebenhausen 1992"]
[WhiteFideId "4642830"]
[BlackFideId "24660256"]
[EventCountry "GER"]
[EventRounds "7"]
[EventType "team-swiss"]
[EventDate "2013.12.26"]

1. e4 e6 2. d3 c5 3. Nd2 Nc6 4. Ngf3 d6 5. g3 Nf6 6. Bg2 g6 7. O-O Bg7 8. Re1
O-O 9. Nf1 Ne8 10. c3 e5 11. h4 Nc7 12. h5 Ne6 13. h6 Bh8 14. Ne3 Ne7 15. Nd5
Nxd5 16. exd5 Nc7 17. c4 f5 18. Bg5 Bf6 19. Qd2 f4 20. gxf4 Bxg5 21. fxg5 Rf4
22. Re4 Rf7 23. Nh4 Bf5 24. Re2 Bd7 25. Re4 Bf5 26. Re2 Qd7 27. Rf1 Bh3 28. f3
Raf8 29. Re4 b5 30. Qf2 bxc4 31. dxc4 Rf4 32. Qg3 Bf5 33. Re3 Rxc4 34. f4 e4
35. Nxf5 gxf5 36. g6 Nxd5 0-1

[Event "DVM U20 2013"]
[Site "Osnabrück GER"]
[Date "2013.12.30"]
[Round "7"]
[White "Kaulich, Philipp Theodor"]
[Black "Hoffmann, Sascha"]
[Result "1-0"]
[Termination "normal"]
[Board "1.4"]
[WhiteElo "2101"]
[BlackElo "1697"]
[WhiteTeam "SK Bebenhausen 1992"]
[BlackTeam "Erfurter Schachklub"]
[WhiteFideId "4641582"]
[BlackFideId "24668931"]
[EventCountry "GER"]
[EventRounds "7"]
[EventType "team-swiss"]
[EventDate "2013.12.26"]

1. e4 c5 2. c3 d5 3. exd5 Qxd5 4. d4 Nc6 5. Nf3 Bf5 6. Be3 cxd4 7. cxd4 Bxb1 8.
Rxb1 e6 9. a3 Bd6 10. Bd3 Nge7 11. O-O O-O 12. Qc2 Nf5 13. Rbd1 Nce7 14. Bc1
Rfc8 15. Qe2 Rc7 16. Rfe1 Rac8 17. Be4 Qc4 18. Qxc4 Rxc4 19. Bxb7 R8c7 20. Ba6
R4c6 21. Bd3 h6 22. g4 Rxc1 23. Rxc1 Rxc1 24. Rxc1 Bf4 25. Rc4 Nd6 26. Ra4 Nec8
27. Ne5 Bc1 28. b4 Bb2 29. Nc6 Kf8 30. Kf1 Ke8 31. Nxa7 Bxd4 32. Nxc8 Nxc8 33.
Ra6 Kd7 34. Bb5+ Kc7 35. Rc6+ Kb7 36. Rc2 Nd6 37. Bd3 Kb6 38. a4 Nb7 39. Be4
Nd8 40. Ke2 Be5 41. h3 g6 42. Rc8 Bf6 43. Kd3 1-0

[Event "DVM U20 2013"]
[Site "Osnabrück GER"]
[Date "2013.12.30"]
[Round "7"]
[White "Reichardt, Albert"]
[Black "Faerber, Eric"]
[Result "0-1"]
[Termination "normal"]
[Board "1.5"]
[WhiteElo "1629"]
[BlackElo "2089"]
[WhiteTeam "Erfurter Schachklub"]
[BlackTeam "SK Bebenhausen 1992"]
[WhiteFideId "12927821"]
[BlackFideId "24657611"]
[EventCountry "GER"]
[EventRounds "7"]
[EventType "team-swiss"]
[EventDate "2013.12.26"]

1. e4 c5 2. b4 cxb4 3. a3 d5 4. exd5 Qxd5 5. Bb2 e5 6. axb4 Bxb4 7. Nc3 Bxc3 8.
Bxc3 Ne7 9. d3 O-O 10. Ra5 Qd8 11. Rxe5 Nbc6 12. Rg5 f6 13. Rh5 Nf5 14. Be2 Re8
15. Nf3 Qe7 16. Kf1 Qc5 17. Bd2 Ne3+ 18. Bxe3 Qxh5 19. Ng5 Qh4 20. Ne4 h6 21.
h3 f5 22. Nd6 Rd8 23. g3 Qf6 24. Nxc8 Raxc8 25. Kg2 Nd4 26. Bxd4 Qxd4 27. Qb1
Qd7 28. Bf3 b5 29. Rc1 Kh8 30. Bh5 a5 31. Qa1 a4 32. Qb2 Qd5+ 33. Bf3 Qc5 34.
Qa2 Rxd3 35. Re1 Rdd8 36. Bd1 Qd5+ 37. Qxd5 Rxd5 38. Bh5 Kh7 39. Bf7 Rdc5 40.
Be6 Rb8 41. h4 g6 42. Bd7 Rxc2 43. Re7+ Kh8 44. h5 gxh5 45. Bxf5 Rc5 46. Bb1 b4
47. Ra7 a3 0-1

[Event "DVM U20 2013"]
[Site "Osnabrück GER"]
[Date "2013.12.30"]
[Round "7"]
[White "Lebeda, Timo"]
[Black "Meichsner, Marwin"]
[Result "1-0"]
[Termination "normal"]
[Board "1.6"]
[WhiteElo "2095"]
[BlackElo "1515"]
[WhiteTeam "SK Bebenhausen 1992"]
[BlackTeam "Erfurter Schachklub"]
[WhiteFideId "4638565"]
[BlackFideId "12927830"]
[EventCountry "GER"]
[EventRounds "7"]
[EventType "team-swiss"]
[EventDate "2013.12.26"]

1. c4 Nf6 2. Nf3 g6 3. g3 Bg7 4. Bg2 c5 5. O-O O-O 6. Nc3 Nc6 7. d3 d6 8. Rb1
Rb8 9. a3 a6 10. b4 b6 11. bxc5 bxc5 12. Rxb8 Nxb8 13. Qb3 Nc6 14. Bf4 Bd7 15.
Rb1 Nh5 16. Bd2 Nd4 17. Qb6 a5 18. Nxd4 Bxd4 19. Nd5 Nf6 20. Qxd8 Rxd8 21. Bxa5
Re8 22. Nc7 Rc8 23. Bb7 Rb8 24. Na6 Re8 25. e3 1-0

[Event "DVM U20 2013"]
[Site "Osnabrück GER"]
[Date "2013.12.30"]
[Round "7"]
[White "Kugler, Florian"]
[Black "Miller, Eduard"]
[Result "1/2-1/2"]
[Termination "normal"]
[Board "2.1"]
[WhiteElo "2202"]
[BlackElo "2094"]
[WhiteTeam "Hamburger SK"]
[BlackTeam "SC Forchheim"]
[WhiteFideId "4633300"]
[BlackFideId "24687022"]
[EventCountry "GER"]
[EventRounds "7"]
[EventType "team-swiss"]
[EventDate "2013.12.26"]

1. Nf3 Nf6 2. g3 b6 3. Bg2 Bb7 4. O-O g6 5. c4 Bg7 6. Nc3 O-O 7. d3 d6 8. Bg5
Nbd7 9. Qd2 e5 10. Nd5 c6 11. Nxf6+ Bxf6 12. e4 Qe7 13. Rae1 Bxg5 14. Nxg5 f6
15. Nh3 d5 16. exd5 Qd6 17. dxc6 Bxc6 18. Bxc6 Qxc6 19. b3 Rad8 20. Qe3 Nc5 21.
Rd1 Qd7 22. Kg2 Nxd3 23. f3 Qd4 24. Qxd4 Rxd4 25. Nf2 Rfd8 26. Rxd3 Rxd3 27.
Nxd3 Rxd3 28. Rf2 Kf7 29. Rc2 Ke6 30. Kf2 Kd6 31. Ke2 Rd4 32. a3 a5 33. Rc1 Kc5
34. Ke3 f5 35. h3 g5 36. Ke2 h6 37. Ke3 Rd7 38. b4+ axb4 39. axb4+ Kxb4 40.
Rb1+ Kxc4 41. Rxb6 Rd3+ 42. Ke2 Rb3 43. Rxh6 Rb2+ 44. Ke3 Kd5 45. Rg6 f4+ 46.
Kd3 Rh2 47. Rxg5 Rxh3 48. gxf4 Rxf3+ 49. Ke2 Rxf4 50. Rg3 Ra4 51. Rh3 Ra2+ 52.
Ke1 Kd4 53. Rg3 e4 54. Rh3 Rc2 55. Rg3 Rc1+ 56. Ke2 Rc2+ 57. Ke1 Rh2 58. Ra3
Ke5 59. Ra5+ Kf4 60. Ra3 Rh1+ 61. Ke2 Rg1 62. Rb3 Rg2+ 63. Ke1 1/2-1/2

[Event "DVM U20 2013"]
[Site "Osnabrück GER"]
[Date "2013.12.30"]
[Round "7"]
[White "Killmann, Martin"]
[Black "Grünter, Martin"]
[Result "0-1"]
[Termination "normal"]
[Board "2.2"]
[WhiteElo "1829"]
[BlackElo "2232"]
[WhiteTeam "SC Forchheim"]
[BlackTeam "Hamburger SK"]
[WhiteFideId "24651559"]
[BlackFideId "24640352"]
[EventCountry "GER"]
[EventRounds "7"]
[EventType "team-swiss"]
[EventDate "2013.12.26"]

1. d4 Nf6 2. c4 e6 3. Nc3 Bb4 4. Qc2 O-O 5. Nf3 d5 6. cxd5 exd5 7. Bg5 c6 8. e3
Re8 9. Bd3 h6 10. Bh4 Bd6 11. Bg3 Bxg3 12. hxg3 Qe7 13. Rh4 Nbd7 14. O-O-O c5
15. dxc5 Nxc5 16. Nxd5 Nxd3+ 17. Qxd3 Nxd5 18. Qxd5 Be6 19. Qa5 b6 20. Qa4
Rac8+ 21. Kb1 Bf5+ 22. Ka1 Bc2 23. Qd4 Red8 0-1

[Event "DVM U20 2013"]
[Site "Osnabrück GER"]
[Date "2013.12.30"]
[Round "7"]
[White "Kramer, Julian"]
[Black "Mann, Johannes"]
[Result "1/2-1/2"]
[Termination "normal"]
[Board "2.3"]
[WhiteElo "2121"]
[BlackElo "1910"]
[WhiteTeam "Hamburger SK"]
[BlackTeam "SC Forchheim"]
[WhiteFideId "12921742"]
[BlackFideId "24691380"]
[EventCountry "GER"]
[EventRounds "7"]
[EventType "team-swiss"]
[EventDate "2013.12.26"]

1. e4 c6 2. d4 d5 3. Nc3 dxe4 4. Nxe4 Bf5 5. Ng3 Bg6 6. h4 h6 7. Nf3 Nd7 8. h5
Bh7 9. Bd3 Bxd3 10. Qxd3 e6 11. Bf4 Qa5+ 12. Bd2 Bb4 13. c3 Be7 14. c4 Qc7 15.
O-O-O b5 16. c5 a5 17. Kb1 Ngf6 18. Ne4 O-O 19. g4 Nxg4 20. Qe2 Rae8 21. Nh4
Ngf6 22. Rdg1 Kh8 23. Rg3 Nxe4 24. Qxe4 Bxh4 25. Qxh4 f5 26. Rhg1 Rf7 27. Bf4
Qd8 28. Qh2 e5 29. dxe5 Nxe5 30. Bxe5 Rxe5 31. Rxg7 Qd3+ 32. Ka1 Re1+ 33. Rxe1
Rxg7 34. Qd6 Qe4 35. Qxh6+ Kg8 36. Rd1 Qe2 37. Rd8+ Kf7 38. Rd7+ Ke8 39. Qh8+
Kxd7 40. Qxg7+ Kc8 41. Qg8+ Kc7 42. Qf7+ Kb8 43. a3 b4 44. h6 a4 45. axb4 a3
46. Qg8+ Kb7 47. Qg7+ Kc8 48. b3 Qf1+ 49. Ka2 Qe2+ 50. Kxa3 Qa6+ 51. Kb2 Qe2+
52. Ka1 Qa6+ 53. Kb1 Qf1+ 54. Kb2 Qe2+ 55. Kc3 Qf3+ 56. Kc2 Qxf2+ 57. Kd3 Qf3+
58. Kd4 Qe4+ 59. Kc3 Qe3+ 60. Kb2 Qe2+ 1/2-1/2

[Event "DVM U20 2013"]
[Site "Osnabrück GER"]
[Date "2013.12.30"]
[Round "7"]
[White "Stephan, Michael"]
[Black "Riederer, Martin"]
[Result "1-0"]
[Termination "normal"]
[Board "2.4"]
[WhiteElo "1863"]
[BlackElo "2034"]
[WhiteTeam "SC Forchheim"]
[BlackTeam "Hamburger SK"]
[WhiteFideId "24656852"]
[BlackFideId "12903140"]
[EventCountry "GER"]
[EventRounds "7"]
[EventType "team-swiss"]
[EventDate "2013.12.26"]

1. e4 e6 2. d4 d5 3. Nc3 dxe4 4. Nxe4 Bd7 5. Nf3 Bc6 6. Bd3 Nd7 7. O-O Ngf6 8.
Qe2 Nxe4 9. Bxe4 Bxe4 10. Qxe4 c6 11. b3 Be7 12. Bb2 O-O 13. Ne5 Nf6 14. Qe2
Qa5 15. Kh1 Rad8 16. Nd3 Qf5 17. Qe5 Qg6 18. Qa5 a6 19. Qb6 Rb8 20. Rae1 Rfd8
21. Qa5 Bd6 22. f4 Ng4 23. Rf3 h5 24. Qc3 Nh6 25. Qd2 Nf5 26. Qf2 Qh6 27. Kg1
Rbc8 28. a4 Be7 29. Kh1 b6 30. a5 b5 31. b4 Rd5 32. c3 Bd6 33. Bc1 Ne7 34. f5
Qh7 35. fxe6 f6 36. Bf4 Re8 37. Bxd6 Rxd6 38. Nc5 Nd5 39. h3 Qg6 40. Rg3 Qh6
41. Qf5 Qh7 42. Qf2 Qh6 43. Rf3 Qg6 44. Qh4 Re7 45. Rg1 Nc7 46. g4 Rd5 47. gxh5
Rxh5 48. Rxg6 Rxh4 49. Re3 Nd5 50. Reg3 Nf4 51. Rxf6 Nh5 52. Rff3 Nxg3+ 53.
Rxg3 Rf4 54. Kg2 Rf6 55. Rg5 g6 56. Kg3 Kg7 57. Re5 Kh6 58. Kg4 Re8 59. Re1 Re7
60. Re3 Re8 61. h4 Kh7 62. Re1 Kh6 63. Nxa6 Rexe6 64. Rxe6 Rxe6 65. Nb8 Re3 66.
a6 Rxc3 67. a7 Ra3 68. Nxc6 Kg7 69. Na5 Rd3 70. a8=Q Rxd4+ 71. Kg5 Rd7 72. Qc6
Rf7 73. Qxg6+ Kh8 74. Qf6+ Rxf6 75. Kxf6 Kh7 76. Nc6 Kh6 77. Nd4 Kh5 78. Nxb5
1/2-1/2

[Event "DVM U20 2013"]
[Site "Osnabrück GER"]
[Date "2013.12.30"]
[Round "7"]
[White "Hinrichs, Jan"]
[Black "Wagner, Robert"]
[Result "1/2-1/2"]
[Termination "normal"]
[Board "2.5"]
[WhiteElo "2076"]
[BlackElo "1848"]
[WhiteTeam "Hamburger SK"]
[BlackTeam "SC Forchheim"]
[WhiteFideId "12907294"]
[BlackFideId "24656879"]
[EventCountry "GER"]
[EventRounds "7"]
[EventType "team-swiss"]
[EventDate "2013.12.26"]

1. d4 Nf6 2. c4 e6 3. g3 d5 4. Bg2 c6 5. Nf3 Bd6 6. O-O O-O 7. Qc2 Nbd7 8. Nbd2
e5 9. dxe5 Nxe5 10. cxd5 cxd5 11. Nxe5 Bxe5 12. Nf3 Bd6 13. Bg5 Be6 14. Nd4 h6
15. Bxf6 Qxf6 16. e3 Rfd8 17. Rfd1 Rd7 18. Qb3 Rad8 19. Rac1 Be5 20. a4 Bg4 21.
Rd2 h5 22. Rc5 Be6 23. Qc3 Qg6 24. Qc2 Qxc2 25. Rcxc2 Bxd4 26. Rxd4 Kf8 27. Bf1
Rd6 28. Bb5 Bd7 29. Be2 g6 30. Rcd2 Be6 31. Bb5 Ke7 32. Rc2 Rc8 33. Rdd2 a6 34.
Be2 Rxc2 35. Rxc2 Kd7 36. Rd2 Bf5 37. Rd4 Be4 38. h3 Bf5 39. g4 hxg4 40. hxg4
Be6 41. Kg2 Ke7 42. Bf3 a5 43. Kg3 Rb6 44. Bxd5 Rxb2 45. f4 Bxd5 46. Rxd5 b6
47. Re5+ Kd6 48. Re8 Rb4 49. Rf8 Ke7 50. Rb8 Rxa4 51. Rxb6 Ra1 52. Kf3 Rf1+ 53.
Ke4 Rg1 54. g5 Rc1 55. Rb7+ Ke6 56. Rb6+ Ke7 57. Ra6 Rc5 58. Kd4 Rf5 59. Ke4
Rc5 60. Kf3 Rb5 61. e4 Rb3+ 62. Ke2 Rb2+ 63. Kd3 Rb3+ 64. Kc4 Rb4+ 65. Kd5 Rb5+
66. Kc6 Rb4 67. f5 Rxe4 68. Ra7+ Kf8 69. f6 a4 70. Ra8+ Re8 71. Rxa4 Rb8 72.
Kc7 Re8 73. Rd4 Kg8 74. Rd8 Kh7 75. Kd7 Re5 76. Rf8 Rd5+ 77. Ke7 Rd7+ 78. Ke8
Rd8+ 79. Kxf7 Rd7+ 80. Ke8 Rd8+ 81. Kxd8 1/2-1/2

[Event "DVM U20 2013"]
[Site "Osnabrück GER"]
[Date "2013.12.30"]
[Round "7"]
[White "Wichmann, Adrian"]
[Black "Hinrichs, Lars"]
[Result "1/2-1/2"]
[Termination "normal"]
[Board "2.6"]
[WhiteElo "1786"]
[BlackElo "2023"]
[WhiteTeam "SC Forchheim"]
[BlackTeam "Hamburger SK"]
[WhiteFideId "12904708"]
[BlackFideId "12921769"]
[EventCountry "GER"]
[EventRounds "7"]
[EventType "team-swiss"]
[EventDate "2013.12.26"]

1. e4 e6 2. d4 d5 3. Nc3 Nf6 4. e5 Nfd7 5. Nf3 c5 6. Ne2 Nc6 7. c3 Qb6 8. a3 a5
9. g3 a4 10. Bh3 Qb3 11. Qxb3 axb3 12. Rb1 Na5 13. Be3 Nc4 14. Nd2 Nxd2 15.
Bxd2 Be7 16. O-O Nb6 17. Nc1 c4 18. f4 g6 19. Bg2 h5 20. h3 Bd7 21. Bf3 O-O-O
22. Kg2 Kc7 23. g4 hxg4 24. hxg4 Rh7 25. Rh1 Rxh1 26. Kxh1 Rh8+ 27. Kg2 Kc6 28.
Ne2 Na4 29. Bc1 b5 30. g5 Kc7 31. Kg3 Bf8 32. Bg2 Be7 33. Bf3 Ra8 34. Ra1 Bf8
35. Kg2 Nb6 36. Kf2 b4 37. cxb4 Bxb4 38. Nc3 Bxc3 39. bxc3 Na4 40. Bd2 Rb8 41.
Rb1 Nb6 42. Bc1 Ra8 43. Bg2 Na4 44. Bd2 Rh8 45. Kg3 Rb8 46. Bf3 Kb6 47. Bd1 Ka5
48. Kf2 Nb6 49. Bc1 Nc8 50. Bb2 Na7 51. Kg2 Nb5 52. Kg3 Ka4 53. Kg2 Rc8 54. Rc1
Rh8 55. Kg3 Ra8 56. Kg2 Ka5 57. Ra1 Kb6 58. Kg3 Nc7 59. Rb1 Rh8 60. Bf3 Ne8 61.
Bg4 Ng7 62. Re1 Ka5 63. Rc1 Ka4 64. Re1 1/2-1/2

[Event "DVM U20 2013"]
[Site "Osnabrück GER"]
[Date "2013.12.30"]
[Round "7"]
[White "Günnigmann, Manuel"]
[Black "Kremser, Michael"]
[Result "1-0"]
[Termination "normal"]
[Board "3.1"]
[WhiteElo "2166"]
[BlackElo "2001"]
[WhiteTeam "Stader SV"]
[BlackTeam "SG Porz"]
[WhiteFideId "24640360"]
[BlackFideId "1270131"]
[EventCountry "GER"]
[EventRounds "7"]
[EventType "team-swiss"]
[EventDate "2013.12.26"]

1. e4 c5 2. Nf3 e6 3. d4 cxd4 4. Nxd4 a6 5. Bd3 Qc7 6. Nc3 d6 7. O-O Nf6 8. Qe2
Nbd7 9. Bd2 Be7 10. Kh1 Ne5 11. f4 Nxd3 12. cxd3 O-O 13. Rac1 Qd7 14. f5 e5 15.
Nc2 d5 16. exd5 Nxd5 17. Qxe5 Nxc3 18. Bxc3 Bf6 19. Qg3 Bxc3 20. bxc3 Rd8 21.
Rce1 g6 22. Nd4 b5 23. Qg5 Bb7 24. fxg6 hxg6 25. Re7 Qd5 26. Rfxf7 Qxf7 27.
Rxf7 Kxf7 28. Qf4+ Kg8 29. Qf6 Rd7 30. Ne6 Be4 31. h3 Bxd3 32. Nc5 Rf7 33. Qc6
Rd8 34. Nxd3 Kh7 35. Ne5 Rg7 36. Qxa6 Rd5 37. Qf6 Rc5 38. Nxg6 Rc4 39. Nf8+ Kg8
40. Ne6 Ra7 41. Qg5+ Kh7 42. Qh5+ Kg8 43. Qxb5 Rca4 44. c4 Rxa2 45. Qe8+ Kh7
46. c5 R2a5 47. c6 Re5 48. Nf8+ Kh6 49. Qg6# 1-0

[Event "DVM U20 2013"]
[Site "Osnabrück GER"]
[Date "2013.12.30"]
[Round "7"]
[White "Pauly, Carlo"]
[Black "Carmesin, Matthias"]
[Result "1-0"]
[Termination "normal"]
[Board "3.2"]
[WhiteElo "2100"]
[BlackElo "2044"]
[WhiteTeam "SG Porz"]
[BlackTeam "Stader SV"]
[WhiteFideId "24673269"]
[BlackFideId "4635965"]
[EventCountry "GER"]
[EventRounds "7"]
[EventType "team-swiss"]
[EventDate "2013.12.26"]

1. d4 Nf6 2. c4 g6 3. Nc3 d5 4. cxd5 Nxd5 5. Bd2 Bg7 6. e4 Nb6 7. Be3 Nc6 8.
Nf3 O-O 9. h3 f5 10. exf5 gxf5 11. Qb3+ e6 12. O-O-O f4 13. d5 fxe3 14. dxc6
Qe7 15. fxe3 bxc6 16. Bd3 Nd5 17. e4 Nxc3 18. bxc3 Bd7 19. e5 Rab8 20. Qa4 Qc5
21. Kc2 Be8 22. Rhf1 Bh5 23. Qc4 Qxc4 24. Bxc4 Bg6+ 25. Bd3 Bxd3+ 26. Rxd3 Rb5
27. Rd7 Bxe5 28. Re1 Bd6 29. Rxe6 Rf7 30. Rxf7 Kxf7 31. Re4 Ra5 32. a4 h5 33.
Kd3 Kf6 34. Rc4 Rd5+ 35. Ke4 Rf5 36. Kd3 c5 37. Rh4 Kg6 38. Kc4 c6 39. Re4 Kf6
40. a5 a6 41. Re8 Rf4+ 42. Kb3 c4+ 43. Ka4 c5 44. Ra8 Ke6 45. Rxa6 Kd5 46. Rb6
Rf8 47. Kb5 Re8 48. g4 hxg4 49. hxg4 Re3 50. Nd2 Bc7 51. Rc6 Bxa5 52. Rxc5+ Ke6
53. Kxa5 Rxc3 54. Nxc4 Rg3 55. g5 Rb3 56. Re5+ Kf7 57. Nd6+ Kg6 58. Ne4 Rb8 59.
Rb5 Re8 60. Rb4 1-0

[Event "DVM U20 2013"]
[Site "Osnabrück GER"]
[Date "2013.12.30"]
[Round "7"]
[White "Vogt, Marc Jonas"]
[Black "Finke, Kai"]
[Result "0-1"]
[Termination "normal"]
[Board "3.3"]
[WhiteElo "1953"]
[BlackElo "2100"]
[WhiteTeam "Stader SV"]
[BlackTeam "SG Porz"]
[WhiteFideId "24695661"]
[BlackFideId "1270611"]
[EventCountry "GER"]
[EventRounds "7"]
[EventType "team-swiss"]
[EventDate "2013.12.26"]

1. e4 c5 2. Nf3 d6 3. d4 cxd4 4. Nxd4 Nf6 5. Nc3 g6 6. Be3 Bg7 7. f3 Nc6 8. Bc4
Bd7 9. Qd2 Rc8 10. Bb3 O-O 11. h4 h5 12. Nxc6 bxc6 13. Bh6 c5 14. Bxg7 Kxg7 15.
Qe2 Qc7 16. Bc4 Rb8 17. O-O-O Qa5 18. e5 dxe5 19. g4 Qb4 20. Bb3 c4 21. a3 Qb7
22. Rxd7 Nxd7 23. Qxc4 e6 24. gxh5 Qxf3 25. Rf1 Qxh5 26. Qc7 Nf6 27. Bxe6 Rbe8
28. Bb3 e4 29. Qf4 Qe5 30. Qe3 Re7 31. Kb1 Rh8 32. Rf4 Rh5 33. Ne2 Rf5 34. Rxf5
Qxf5 35. Nd4 Qg4 36. Nc6 Re8 37. Qxa7 Qd1+ 38. Ka2 Qd7 39. Qb6 e3 40. Nb8 Qd8
41. Qb7 Qe7 42. Qxe7 Rxe7 43. Nc6 e2 0-1

[Event "DVM U20 2013"]
[Site "Osnabrück GER"]
[Date "2013.12.30"]
[Round "7"]
[White "Eigemann, Frederik"]
[Black "Konow, Philipp"]
[Result "1-0"]
[Termination "normal"]
[Board "3.4"]
[WhiteElo "2015"]
[BlackElo "1977"]
[WhiteTeam "SG Porz"]
[BlackTeam "Stader SV"]
[WhiteFideId "24692034"]
[BlackFideId "4635230"]
[EventCountry "GER"]
[EventRounds "7"]
[EventType "team-swiss"]
[EventDate "2013.12.26"]

1. d4 d5 2. c4 e6 3. Nc3 c5 4. cxd5 exd5 5. Nf3 Nc6 6. g3 c4 7. Bg2 Bb4 8. O-O
Nge7 9. Ne5 Qa5 10. Nxc6 bxc6 11. Qc2 O-O 12. e4 Bxc3 13. Qxc3 Qxc3 14. bxc3
dxe4 15. Bxe4 Nd5 16. Bd2 Be6 17. Rab1 Rab8 18. Rxb8 Rxb8 19. Rb1 Rxb1+ 20.
Bxb1 Nc7 21. Kf1 Bd5 22. Ke2 g6 23. Bc2 Kg7 24. h4 Kf6 25. Bg5+ Ke6 26. Bf4 Nb5
27. Kd2 Na3 28. Bd1 Be4 29. Kc1 h5 30. Kb2 Nb5 31. Be2 Bd5 32. Bf1 Nd6 33. Bh3+
Ke7 34. Bxd6+ Kxd6 35. Bf1 Ke6 36. Bh3+ Kd6 37. Kc2 f6 38. Kd2 g5 39. Bf5 Be6
40. Bg6 gxh4 41. gxh4 c5 42. dxc5+ 1-0

[Event "DVM U20 2013"]
[Site "Osnabrück GER"]
[Date "2013.12.30"]
[Round "7"]
[White "Bauschmann, Christoph"]
[Black "Eigemann, Julian"]
[Result "1-0"]
[Termination "normal"]
[Board "3.5"]
[WhiteElo "1896"]
[BlackElo "1916"]
[WhiteTeam "Stader SV"]
[BlackTeam "SG Porz"]
[WhiteFideId "24603414"]
[BlackFideId "24666599"]
[EventCountry "GER"]
[EventRounds "7"]
[EventType "team-swiss"]
[EventDate "2013.12.26"]

1. e4 c5 2. Nf3 d6 3. Bb5+ Bd7 4. Bxd7+ Nxd7 5. c4 Ngf6 6. Nc3 g6 7. O-O Bg7 8.
d4 cxd4 9. Nxd4 Rc8 10. b3 O-O 11. Be3 Nc5 12. f3 a6 13. Rc1 e6 14. Nde2 Qe7
15. Bf4 Ne8 16. Qd2 f5 17. Bg5 Bf6 18. Bh6 Bg7 19. Bg5 Bf6 20. Bh6 Bg7 21. Bxg7
Nxg7 22. b4 Nd7 23. Rfd1 Rxc4 24. Nd5 exd5 25. Qxd5+ Kh8 26. Qxc4 Ne5 27. Qc3
fxe4 28. fxe4 Qh4 29. Rf1 Re8 30. Rf4 Qh5 31. Ng3 Qg5 32. Rcf1 Ne6 33. R4f2 Kg8
34. h3 h5 35. Ne2 a5 36. Nf4 Ng7 37. bxa5 Nc6 38. Qb3+ Kh7 39. Qxb7 Nd4 40. Qd5
Qxd5 41. Nxd5 Re6 42. a6 1-0

[Event "DVM U20 2013"]
[Site "Osnabrück GER"]
[Date "2013.12.30"]
[Round "7"]
[White "Padva, Leo"]
[Black "Meyer, Christoph"]
[Result "1-0"]
[Termination "normal"]
[Board "3.6"]
[WhiteElo "1803"]
[BlackElo "1765"]
[WhiteTeam "SG Porz"]
[BlackTeam "Stader SV"]
[WhiteFideId "12964379"]
[BlackFideId "1270490"]
[EventCountry "GER"]
[EventRounds "7"]
[EventType "team-swiss"]
[EventDate "2013.12.26"]

1. Nf3 Nf6 2. g3 d5 3. Bg2 c6 4. O-O Bg4 5. d3 e6 6. Nbd2 Bd6 7. Qe1 Qc7 8. e4
Nbd7 9. b3 Bxf3 10. Bxf3 O-O-O 11. Bb2 Kb8 12. Bg2 e5 13. c4 d4 14. Qe2 h5 15.
Nf3 Nf8 16. Bc1 Ng6 17. h4 Nf8 18. Bh3 Qe7 19. Bd2 Ne6 20. a3 Nd7 21. b4 c5 22.
b5 Rdf8 23. Ng5 Nxg5 24. Bxg5 f6 25. Bd2 g6 26. Kh2 Rfg8 27. Rg1 g5 28. g4 hxg4
29. Rxg4 Rxh4 30. Rxh4 gxh4 31. Rg1 Rxg1 32. Kxg1 Qg7+ 33. Kh2 Nb6 34. Qh5 Qe7
35. Ba5 Nd7 36. Bxd7 Qxd7 37. Qh8+ Qc8 38. Qxf6 Qf8 39. Qd8+ Qxd8 40. Bxd8 Kc8
41. Bxh4 Kd7 42. Kg3 Bc7 43. Kg4 a6 44. bxa6 bxa6 45. Kf5 1-0

[Event "DVM U20 2013"]
[Site "Osnabrück GER"]
[Date "2013.12.30"]
[Round "7"]
[White "Kieslich, Aaron"]
[Black "Böhm, Malte"]
[Result "0-1"]
[Termination "normal"]
[Board "4.1"]
[WhiteElo "2021"]
[BlackElo "2038"]
[WhiteTeam "TuS Coswig 1920"]
[BlackTeam "SF Dortmund-Brackel 1930"]
[WhiteFideId "1270391"]
[BlackFideId "1270629"]
[EventCountry "GER"]
[EventRounds "7"]
[EventType "team-swiss"]
[EventDate "2013.12.26"]

1. d4 Nf6 2. c4 g6 3. Nc3 Bg7 4. e4 d6 5. f3 O-O 6. Be3 c5 7. d5 Nbd7 8. Nge2
Ne5 9. Ng3 e6 10. Be2 exd5 11. cxd5 a6 12. a4 h5 13. O-O Nh7 14. Qd2 h4 15. Nh1
f5 16. f4 Nf7 17. e5 dxe5 18. Bxc5 Re8 19. d6 e4 20. Rfd1 b6 21. Be3 Nf6 22. a5
Bf8 23. Bc4 Be6 24. Bxb6 Qxd6 25. Qe3 Qc6 26. Bxe6 Rxe6 27. Nf2 Nd7 28. Nd5
Nxb6 29. Qxb6 Bc5 30. Qxc6 Rxc6 31. Rac1 Rac8 32. Rxc5 Rxc5 33. Ne7+ Kf8 34.
Nxc8 Rxc8 35. Rb1 Rb8 36. Nd1 Nd8 37. Ne3 Nc6 38. Nc4 Rb5 39. Rc1 Rc5 40. Rc2
Nd4 41. b4 Rc8 0-1